Environmentálna politika a regionálne disparity

Na minha lista:
Detalhes bibliográficos
Autor principal: Švihlová, Dana
Formato: Livro
Idioma:eslovaco
inglês
Publicado em: Banská Bystrica Ekonomická fakulta Univerzity Mateja Bela v Banskej Bystrici 2011
Colecção:Studia oeconomica 41
Assuntos:
Tags: Adicionar Tag
Sem tags, seja o primeiro a adicionar uma tag!

MARC

LEADER 00000nam a2200000 4500
001 0180313
005 20240314085720.0
020 |a 978-80-557-0322-0 
041 0 |a slo 
041 0 |a eng 
044 |a SK 
245 1 0 |a Environmentálna politika a regionálne disparity  |c Dana Švihlová a kolektív 
264 1 |a Banská Bystrica  |b Ekonomická fakulta Univerzity Mateja Bela v Banskej Bystrici  |c 2011 
300 |a 137 s. 
490 1 |a Studia oeconomica  |v 41 
830 0 |a Studia oeconomica  |v 41 
610 2 0 |a politika environmentálna 
610 2 0 |a regióny 
610 2 0 |a disparita 
610 2 0 |a výskum 
610 2 0 |a metódy kvantitatívne 
610 2 0 |a analýzy 
610 2 0 |a štatistika 
610 2 0 |a analýza zhluková 
610 2 0 |a ukazovatele 
610 2 0 |a Slovensko 
100 1 |a Švihlová, Dana